000 00945 a2200205 4500
001 54198
005 20260407155812.0
008 260407a1963 arg spa d
003 AR-UNSa-BCEJYS
040 _aAR-UNSa-BCEJYS
_bspa
_cAR-UNSa-BCEJYS
080 _a330.101
_xCiencia económica en general. La economía y sus problemas. Objeto y métodos de la economía política
245 1 0 _aEconomistas modernos
264 1 _aMéxico :
_bUnión Tipográfica Editorial Hispano-Americana (UTEHA)
_c1963
300 _a306 p.
_c17 cm.
505 _a1. Esquemas teóricos y "mundo real" - 2. El mercado en sus formas concretas - 3. Teorías y políticas de la ocupación y del desarrollo - 4. La aportación de las investigaciones cuantitativas y de las nuevas técnicas - 5. Investigación económica y aspiraciones sociales
942 _cBK
590 _aniveau_biblio:m niveau_hierar:0
100 1 _aCaffé, Federico
700 1 _aSamper, Baltasar
999 _c5369
_d5369